[Event "Bundesliga 0203"]
[Site "Germany"]
[Date "2003.03.15"]
[Round "13.5"]
[White "Handke, Florian"]
[Black "Hansen, Curt"]
[Result "0-1"]
[WhiteElo "2504"]
[BlackElo "2610"]
[Annotator "Tsesarsky,I"]
[PlyCount "104"]
[EventDate "2002.10.19"]
[EventType "team-tourn"]
[EventRounds "15"]
[EventCountry "GER"]
[SourceTitle "CBM 094"]
[Source "ChessBase"]
[SourceDate "2003.05.26"]
[SourceVersion "1"]
[SourceVersionDate "2003.05.26"]
[SourceQuality "1"]
[WhiteTeam "Wattenscheid"]
[BlackTeam "Porz"]
[WhiteTeamCountry "GER"]
[BlackTeamCountry "GER"]

1. e4 c5 2. Nf3 Nc6 3. d4 cxd4 4. Nxd4 g6 5. c4 Bg7 6. Be3 Nf6 7. Nc3 O-O 8.
Be2 d6 9. O-O Bd7 10. f3 Qb6 (10... Nxd4 11. Bxd4 a5 12. Qd2 $14 (12. b3 Bc6
13. Rc1 Nd7 14. Be3 $14)) (10... Ne8 11. Qd2 Nc7 12. Rfd1 Ne6 13. Nb3 $14) (
10... Re8 {Tsesarsky} 11. Qd2 Qa5 12. Nb3 Qd8 13. Nd5 Rc8 14. Rac1 b6 15. Rfd1
Rb8 16. Bh6 (16. Na1 Rc8 17. Nc2 Ne5 18. b3 $14) 16... Bh8 17. Bg5 Nxd5 18.
cxd5 Ne5 19. Nd4 $14 {0-1 Alekhine-Pruss,L/Rosario 1926 (39)}) 11. c5 $6 $132 {
Dubious action.} ({Better looks} 11. Ncb5 Qd8 (11... Qa5 12. Nb3 Qd8 13. c5 $14
) (11... a6 {Most popular continuation.} 12. Nc2 Qa5 13. Nc3 Rfc8 (13... Rac8
14. f4 b5 15. c5 b4 $1 (15... Qd8 $2 16. cxd6 exd6 17. Qxd6 Ng4 18. Bc5 Qh4 19.
Bxg4 (19. h3 Rfd8 20. Bb6 $18) 19... Bxg4 20. Bf2 $14 {1/2-1/2 Belov,V-Nielsen,
P/Gistrup 1997/EXT 98 (33)}) 16. Nd5 Nxe4 17. cxd6 Be6 $132) 14. f4 b5 15. c5
b4 16. Nd5 Nxe4 17. Nb6 Nxc5 18. Nxa8 Rxa8 19. Nd4 $44 {1/2-1/2 Panov,
V-Janosevic,D/Skopje 1970/EXT 2001 (104)}) 12. Nb3 $14 {and White holds steady
space advantage.}) ({Very complicated game after} 11. Nf5 Qxb2 12. Na4 Qxa1 13.
Qxa1 gxf5 14. Qc1 fxe4 15. fxe4 Nxe4 16. Bh6 Ne5 (16... Bd4+ 17. Kh1 Ne5 18.
Bxf8 Rxf8 19. Nb2 f5 $15) 17. Nb2 f5 18. Bxg7 Kxg7 19. Nd3 Nxd3 20. Bxd3 Bc6
21. Bxe4 Bxe4 (21... fxe4 22. Qg5+ Kh8 23. Qxe7 $18 {1-0 Korsunsky,R-Taborov,B/
Tallinn 1976/EXT 2002 (35)}) 22. Qg5+ Kf7 23. Rxf5+ Bxf5 24. Qxf5+ Kg7 25. Qg5+
Kh8 26. Qxe7 Rae8 27. Qh4 $15) ({Worth of attention} 11. Na4 Qa5 (11... Qd8 12.
Nxc6 Bxc6 13. Nc3 a5 14. Qd2 $14) 12. Nb5 Be6 13. a3 Rfc8 14. Rc1 Qd8 15. b3
$14 {1-0 Lautier,J-Sielecki,C/Breda 1999/CBM 70 ext (32)}) (11. Kh1 {-see
detailed commented game 0-1 Rytshagov,M-Nielsen,P/Asker 1997/CBM 62/[Baburin,A,
Tsesarsky,I] (65)}) 11... dxc5 (11... Qxb2 12. Ndb5 Qb4 $8 13. cxd6 exd6 14.
Na4 {[%csl Rb4][%cal Ge3d2,Gd2b4]} Qa5 15. Nxd6 $14) ({Quite possibly was to
accept the P sacrifice:} 11... Qxc5 12. Nf5 Qb4 13. Nxg7 Qxb2 (13... Kxg7 14.
Qd2 {[%cal Gd2h6]} Kg8 $44) 14. Qe1 Kxg7 15. Rb1 Qa3 16. Qd2 {[%cal Gd2h6]}
Rfc8 (16... Rfb8 17. Nb5 Qa5 18. Qxa5 Nxa5 19. Nc7 $16) 17. Rxb7 Rab8 $44) 12.
Nb3 (12. Na4 Qa5 13. Nxc6 Bxc6 14. Nxc5 Rac8 $11) 12... Rfd8 13. Bxc5 Qc7 14.
Qe1 Be6 15. Be3 {Black hasn't any weaknesses, but White still has certain
initiative.} Bxb3 {This decision probably the best. Black yields pair BB but
creates doubled PP in White's camp.} (15... Rac8 16. Nc5 $14) (15... b6 16. Rc1
Qb7 17. Qh4 Rac8 18. f4 $14) 16. axb3 {[%csl Rb2,Rb3]} e6 17. Qf2 Qe7 18. Bc5
Qc7 19. Be3 Qe7 {Black agree to draw.} 20. Kh1 {White decided continue to play,
not to agree to draw.} ({Or} 20. f4 Nd7 21. e5 $14) 20... Ne8 21. Ra4 (21. f4
$14) 21... Nc7 22. f4 Rd7 23. e5 Nd5 24. Bc5 ({Not badly was} 24. Nxd5 exd5 (
24... Rxd5 25. b4 $14 {[%csl Ra7][%cal Gb4b5]}) 25. Bg4 (25. Bc5 Qe6 26. Bd3
$14) 25... d4 26. Bxd4 Rxd4 27. Rxd4 Nxd4 28. Qxd4 $14) 24... Qd8 25. Ne4 a6
26. Bd6 b5 27. Raa1 Bf8 28. Rfc1 (28. Bxf8 Qxf8 29. Bf3 $14) 28... Bxd6 29.
Nxd6 (29. Rxc6 Be7 30. Rcxa6 Rxa6 31. Rxa6 $14) 29... Na5 30. Qg3 (30. Bf3 Nb7
(30... Nxb3 31. Rd1 $16) 31. Ne4 $14) 30... Nb7 31. Ne4 Rc8 32. Bf3 (32. Rxa6
Nc5 33. Nxc5 Rxc5 34. Raa1 $14) 32... Rxc1+ 33. Rxc1 Qb6 34. Nf6+ $2 $15 {
Serious mistake.} ({Right was} 34. Qe1 $14) 34... Nxf6 35. exf6 Nd6 36. Qg5 Qd8
37. h4 (37. Qe5 Ne8 {[%csl Rf6]} 38. h3 $15) 37... Ne8 {[%csl Rf6]} 38. h5 Nxf6
39. h6 Nd5 40. Bxd5 Rxd5 41. Qxd8+ Rxd8 42. g4 Kf8 43. Kg2 (43. g5 Rd4 44. Rc8+
Ke7 45. Rc7+ Ke8 $19) 43... Ke7 44. g5 e5 $1 ({Dubious is} 44... Rd2+ 45. Kf3
Rxb2 46. Rc7+ Ke8 47. Rc8+ Kd7 48. Rh8 Rxb3+ 49. Kg4 $132 {[%csl Gh6,Rh7]}) 45.
Kf3 exf4 46. Kxf4 Rd5 47. Rc6 a5 48. Ra6 b4 49. Ra7+ Ke6 50. Ra6+ Rd6 51. Ra7 (
51. Rxa5 Rd4+ 52. Kf3 Rd5 53. Ra7 Kf5 (53... Rxg5 $2 54. Ra6+ $11 {and if
Black wants to avoid perpetuum check, his K had to go to the queenside, so Pf7
will be taken by White R.}) 54. Rxf7+ Kxg5 55. Ke4 Rd2 56. Rxh7 Rh2 57. Rb7
Kxh6 $15) 51... Rd4+ 52. Ke3 $2 $19 {Decisive mistake.} ({Strong was} 52. Kf3
$15 Rd3+ (52... Rd7 53. Rxa5 Rd5 {-see above.}) 53. Ke4 Rxb3 54. Ra6+ Kd7 55.
Ra7+ $44) 52... Rd7 (52... Rd7 53. Rxa5 Rd5 54. Ra6+ (54. Ra7 Rxg5 55. Ra6+ Kf5
{Here we can see the difference between Ke3 and Kf3.} 56. Ra7 (56. Ra5+ Kg4 $19
) 56... Rg3+ 57. Kf2 Rxb3 58. Rxf7+ Kg5 59. Rxh7 Rxb2+ $19) 54... Kf5 55. Rf6+
Kxg5 56. Rxf7 Kxh6 $19) 0-1

[Event "RUS-chT 07th"]
[Site "Smolensk"]
[Date "2000.04.16"]
[Round "2"]
[White "Kirillov, Andrey"]
[Black "Garagulya, Konstantin"]
[Result "1-0"]
[WhiteElo "2351"]
[BlackElo "2416"]
[Annotator "Tsesarsky,I"]
[PlyCount "75"]
[EventDate "2000.04.15"]
[EventType "team-tourn"]
[EventRounds "11"]
[EventCountry "RUS"]
[SourceTitle "CBM 077"]
[Source "ChessBase"]
[SourceDate "2000.07.27"]
[SourceVersion "1"]
[SourceVersionDate "2000.07.27"]
[SourceQuality "1"]
[WhiteTeam "Tomsk Politekhnik-Yantar"]
[BlackTeam "Novosibirsk Transsib"]
[WhiteTeamCountry "RUS"]
[BlackTeamCountry "RUS"]

1. Nf3 c5 2. c4 Nf6 3. Nc3 g6 4. e4 d6 5. d4 cxd4 6. Nxd4 Bg7 7. Be2 Nc6 8. Be3
O-O 9. O-O Bd7 10. Nc2 {The main idea of this variation is to avoid NN change,
to stay in position with space advantage with more pieces on the board. The
lack of this move is tempo loss in one side and Nd4 replace from the center.} (
10. Rc1 {-mainline}) (10. Qd2 {-mainline}) 10... Rc8 11. f3 Be6 (11... Qc7 $6
12. Rc1 Qb8 13. Qd2 Rfd8 14. Rfd1 Ne5 (14... b6 15. b3 $14 {0-1 Paehtz,
T-Gerland,F/GER-ch U13 Pinneberg 1996/EXT 96ch2/(53)}) 15. b3 Nc6 16. Nd4 Nxd4
17. Bxd4 b6 $14 {1-0 Bolbochan,J-Molina,J/Mar del Plata 1934/ (62)}) (11... a5
12. Qd2 Ne5 13. b3 a4 14. Rab1 axb3 15. axb3 Re8 16. Nd4 $14 {1-0 Gabriel,
J-Kountz,J/BL2S 1993/ (47)}) (11... Ne5 12. b3 a6 13. a4 a5 14. Nd5 $14 {
1/2-1/2 Kalinin,A-Taylor,G/North Bay CAN 1999/ (60)}) (11... Na5 12. Na3 (12.
b3 $4 Ng4 13. Bd4 (13. Bd2 Qb6+ 14. Kh1 Nf2+ 15. Rxf2 Qxf2 16. Be3 Qh4 $19 {
0-1 Paehtz,T-Dobierzin,O/ch-GER, Gladenbach GER 1997/ (39)}) 13... Bxd4+ 14.
Nxd4 (14. Qxd4 Nc6 15. Qd2 Qb6+ 16. Kh1 Nf2+ 17. Rxf2 Qxf2 $19) 14... Ne3 $19)
12... Be6 (12... b6 13. Qd2 Ne8 14. Rac1 Nc7 15. Nd5 $14 {1-0 Lutz,
C-Fries_Nielsen,J/Berlin 1990/ (29)}) (12... Be8 13. Rc1 Nd7 14. Qd2 Nc6 15.
Rfd1 $14 {1/2-1/2 Pahtz,E-Dang Bich,N/Cala Galdana g-12 1996/ (34)}) 13. Qa4 (
13. Nd5 $6 Nxd5 $1 (13... Nd7 14. Qd2 Re8 15. Rac1 b6 16. b3 $14 {1-0
Kortchnoi,V-Gendre,K/Bordeaux IE07 1989/ (22)}) 14. cxd5 Bxb2 15. Nb5 (15. dxe6
Bxa3 16. exf7+ Rxf7 $15) 15... Bxa1 16. Qxa1 Bd7 17. Nxa7 Ra8 18. Bh6 Qb6+ 19.
Kh1 f6 20. Bxf8 Kxf8 21. Nb5 $11) (13. b3 Ng4 14. fxg4 Bxc3 15. Rb1 Nc6 $15)
13... Bd7 (13... Nd7) 14. Qc2 Be6 15. b3 Nc6 (15... a6 16. Qd2 Nd7 17. Rac1 $14
{0-1 Cabrilo,G-Milanovic,D/op, Bela Crkva YUG 1996/ (58)}) 16. Rac1 Nd7 17. Qd2
$14 {1-0 Clemens-Pesch/Helmsbrecht 1963/ (26)}) 12. Qd2 Nd7 (12... Qc7 13. Rac1
Rfd8 14. Nd5 Qb8 15. Kh1 Ne8 16. b3 $14 {1-0 Geller,E-Danov,K/Skopje 1967/ (41)
}) (12... a6 13. Rab1 Nd7 14. Nd5 $14 (14. f4 f5 15. exf5 (15. Bd3 Nc5 16. exf5
gxf5 17. Nd5 Qe8 (17... Nxd3 18. Qxd3 Qe8 19. b4 $14) 18. Rfe1 Qf7 19. b4 Nxd3
20. Qxd3 b5 $15 {0-1 Roeberg,F-Doery,J/Wiesbaden ,GER 1992/ (42)}) 15... gxf5
16. Nd5 $14)) 13. Rfd1 (13. Rac1 Qa5 (13... a5 14. Rfd1 Nc5 15. b3 Ra8 16. Nd5
$14 {1/2-1/2 Serper,G-Hracek,Z/Jakarta 1994/(31)}) 14. b4 Nxb4 (14... Qd8 15.
Nd5 a5 16. a3 axb4 17. axb4 Bxd5 18. exd5 Nce5 19. Nd4 $14 {1-0 Nesterov,
J-Votava,J/Mlada Boleslav 1993/(25)}) 15. Nd5 Bxd5 16. exd5 Nxc2 17. Qxa5 Nxe3
18. Rfe1 Nc5 19. Kh1 $16 {1-0 Miles,A-Piket,J/Groningen 1992/ (40)}) (13. Rab1
$5 Qa5 $1 {[%csl Rc3]} 14. b4 $14) 13... a6 14. Rab1 Na5 $6 {Wrong idea based
on strategical blunder.} 15. b3 b5 $6 {Seems Black have good counterplay, but
White suddenly sacrifice P and...} 16. Nd4 $1 {[%mdl 512]} bxc4 17. Nxe6 $1 $16
{recieve serious advantage!} (17. b4 Bxd4 18. Bxd4 Nc6 19. Be3 f5 $44) 17...
fxe6 18. b4 Nb7 $8 {[%csl Yb4,Rb7][%cal Gb4a5,Gb4c5]} 19. f4 {[%csl Ge5]} Qc7 (
19... Kh8 20. e5 d5 21. Bg4 $16 {[%csl Re6]}) 20. Rbc1 $2 $132 {time loss} ({
Strong was immediately} 20. Bg4 $1 Nd8 21. e5 d5 22. Nxd5 $1 $16) 20... Qc6 (
20... Nf6 $1 $132) 21. Bg4 Rf6 $2 $16 {Black again put mistake} ({Strong was} 
21... Nd8 22. e5 g5 23. Bf3 (23. exd6 exd6 24. Qxd6 Qxd6 25. Rxd6 gxf4 26. Rxd7
(26. Bf2 Ne5 $17) 26... fxe3 $17) 23... Qc7 (23... d5 24. Nxd5 $18) 24. exd6 (
24. Nd5 exd5 25. Bxd5+ e6 26. Bxc4 gxf4 27. Bxe6+ Nxe6 28. Rxc7 Nxc7 29. Bxf4
Nxe5 $132) 24... exd6 25. Qxd6 (25. fxg5 Ne5 $15 {[%cal Ge5f3]}) 25... gxf4 26.
Bxf4 Rxf4 27. Qxd7 Qxd7 28. Rxd7 $132) 22. e5 $1 Rf5 (22... Nxe5 23. fxe5 dxe5
$16 {[%csl Re5,Re6,Re7]}) 23. Bf3 (23. Bxf5 exf5 $16) 23... Qc7 24. Nd5 {
Also possible way to get advantage} exd5 25. Qxd5+ e6 (25... Kh8 26. Qxb7 Bh6
27. Qxc7 Rxc7 28. exd6 exd6 29. Rxd6 $16) 26. Qxe6+ Kh8 27. exd6 $18 Nxd6 28.
Qxd6 Nf8 29. Bg4 Rf6 30. Qxc7 (30. Qd5 $1 $18 {[%csl Rc4,Rc8]}) 30... Rxc7 31.
Rd8 h5 (31... c3 32. Rc2 $18) 32. Rc8 Rfc6 (32... Rxc8 33. Bxc8 Rc6 34. Bb7 Re6
35. Kf2 $18) 33. Rxc7 Rxc7 34. Be2 c3 35. Bxa6 c2 36. Bc5 Ne6 37. Rxc2 Nxc5 38.
bxc5 1-0

[Event "Moscow Aeroflot op-A"]
[Site "Moscow"]
[Date "2003.02.11"]
[Round "1"]
[White "Timoshenko, Georgy"]
[Black "Malakhov, Vladimir"]
[Result "1/2-1/2"]
[WhiteElo "2539"]
[BlackElo "2677"]
[Annotator "Tsesarsky,I"]
[PlyCount "83"]
[EventDate "2003.02.10"]
[EventType "swiss"]
[EventRounds "9"]
[EventCountry "RUS"]
[SourceTitle "CBM 094"]
[Source "ChessBase"]
[SourceDate "2003.05.26"]
[SourceVersion "1"]
[SourceVersionDate "2003.05.26"]
[SourceQuality "1"]

1. e4 c5 2. Nf3 Nc6 3. d4 cxd4 4. Nxd4 g6 5. c4 Bg7 6. Be3 Nf6 7. Nc3 d6 8. Be2
O-O 9. O-O Bd7 10. Qd2 Nxd4 11. Bxd4 Bc6 12. Bd3 e6 $14 {This move is novelty,
an idea is to play this PP structure against Maroci variation. This plan,
however, doesn't solve opening problems. White retains slight space advantage
and pressure.} ({Mainlineas are:} 12... a5 13. Rfe1 (13. Rae1 {-see commented
game 1-0 Grischuk,A-Serper,G/New Delhi/Theran 2000/CBM 80 [Ftacnik,L](43)})
13... Nd7 {-see commented game 1/2-1/2 Kalinin,A-Zavgorodniy,S/Moscow 2002/CBM
88 [Tsesarsky,I](52)}) 13. Rad1 {[%csl Rd6][%cal Gd1d6]} Qc7 14. Rfe1 Rad8 15.
Bf1 b6 16. f3 Rfe8 17. b4 e5 {[%csl Rd5,Rd6] This move cannot be recommended.
Weakening of key square d5 is not justified. Of course, Black wants to arrange
active counterplay preparing f7-f5.} (17... Qb8 18. a3 $14) 18. Be3 Nh5 19. b5
(19. Nd5 Qd7 20. Rc1 f5 21. Bg5 Rc8 22. Bd3 $16) 19... Ba8 20. Nd5 Bxd5 21.
cxd5 f5 22. Rc1 Qf7 23. a4 ({White leaves with serious advantage after natural
} 23. Rc6 fxe4 24. fxe4 Rf8 25. Qc2 $1 ({Not} 25. Rec1 $2 Nf6 {[%csl Re4]} 26.
Bd3 Ng4 {[%csl Re3]} 27. Bg5 (27. Rc7 Rd7 $132) 27... Bf6 $132) 25... Nf6 26.
Be2 Qe7 27. Rc1 $14) 23... Bf6 24. Bf2 (24. Red1 Bh4 25. Kh1 Rf8 26. exf5 gxf5
27. Bd3 f4 (27... e4 28. fxe4 f4 29. Bg1 Bf6 30. Be2 Be5 31. Bg4 $18) 28. Bg1
$16) 24... Rf8 25. a5 bxa5 26. Qxa5 Rd7 27. Rc6 {[%csl Ra7,Rd6]} (27. Qa6 fxe4
28. fxe4 Bd8 29. Be3 Nf6 30. Be2 Bb6 31. Bxb6 axb6 32. Bf3 $16) 27... fxe4 28.
fxe4 Bd8 29. Qa2 Nf6 30. g3 Ng4 31. Bh3 $1 {[%csl Rd7,Rf7][%cal Gh3d7,Gh3e6,
Ge6g8]} h5 32. Qe2 ({Quite strong also} 32. Be3 Kh7 33. Bxg4 hxg4 34. Ra6 Qf3
35. Bxa7 Rff7 36. Bf2 $18) 32... Qf6 33. Be3 (33. Bc5 Bb6 34. Bxb6 axb6 35. Rf1
Qg5 36. Rxf8+ Kxf8 37. Rxb6 Kg7 38. Bxg4 (38. Rc6 Ra7 39. Kg2 Ne3+ 40. Kf2 Ra3
$44 {[%csl Rf2]}) 38... hxg4 39. Kg2 Qh6 40. Ra6 Rc7 41. Ra1 $18) 33... Qf3 {
Black has strategically lost position - straight result of poor play in the
opening.} 34. Qxf3 Rxf3 35. Bxg4 hxg4 36. Kg2 Bb6 ({In case of} 36... Be7 {
White has several ways to win:} 37. h3 {-one of them.} Rb7 38. hxg4 Rf8 39. Ra1
Rxb5 40. Rxa7 Rb2+ 41. Kh3 Rf1 42. Rc1 Rxc1 43. Bxc1 Rb1 44. Rxe7 Rxc1 45. Kh4
Rc4 46. Rd7 Rxe4 47. Kg5 Rd4 48. Kxg6 Rxg4+ 49. Kf6 $18) 37. Bxb6 axb6 38. Rxb6
$4 $44 {Premature!} ({Eventually wins} 38. Rb1 $1 {now after inevitable
capture on b6(or d6) white Rb1 will be located ideally for both purposes: K
protection and Pb6 pushing forward.} Re3 39. Rxb6 Kg7 40. Rc6 Re2+ (40... Rf7
41. Rb2 Re1 42. Rf2 Rb7 43. b6 Rb1 44. Rxd6 R1xb6 45. Rc6 $18) 41. Kf1 Rxh2 42.
Kg1 Rh3 (42... Rh8 $1 43. b6 Kf6 44. Kg2 Ke7 45. Rc2 $1 {White's plan is to
bring his K to the queenside.} (45. Rh1 $2 Rxh1 46. Kxh1 Rb7 47. Kg1 Kd7 48.
Kf2 Rb8 49. Rc7+ (49. Ke2 Rc8 $11) 49... Kd8 50. Rg7 Rxb6 51. Rxg6 Rb2+ 52. Ke3
Rb3+ 53. Kd2 (53. Ke2 Rb2+ (53... Rxg3 54. Rxd6+ Kc7 55. Re6 $18) 54. Ke1 Kc7
55. Rxg4 Kb6 $44) 53... Kc7 54. Rxg4 Kb6 $44) 45... Rb7 46. Ra2 Kd7 47. Ra6 Rc8
48. Rb2 Kd8 49. Kf2 Rcb8 50. Ke3 Kc8 51. Rc2+ Kd7 52. Rc6 Rf8 53. Kd3 Rf2 54.
Kc3 Rf1 55. Kb2 Rf2+ 56. Rc2 Rf8 57. Rh2 Kc8 58. Kb3 $18 {[%cal Gb3b5,Gb5c6]
and Black can't prevent white K penetration to c6.}) 43. b6 Rxg3+ {this
variation makes white K penetration easier via kingside:} 44. Kf2 Rf3+ 45. Kg2
Rf8 46. Kg3 Ra8 47. Kxg4 Kf6 48. Rf1+ Kg7 49. Rc7 Rxc7 50. bxc7 Rc8 51. Rc1 Kf6
52. Rc4 $18) 38... Rb3 39. Re2 Kg7 40. Rb8 Kh6 41. b6 Kg5 42. Rf2 {Fortress.
White can't improve position of his forces...} 1/2-1/2

[Event "Budapest FS12 GM-A"]
[Site "Budapest"]
[Date "2001.12.08"]
[Round "8"]
[White "Varga, Zoltan"]
[Black "Felgaer, Ruben Alejandro"]
[Result "1-0"]
[WhiteElo "2506"]
[BlackElo "2467"]
[Annotator "Tsesarsky,I"]
[PlyCount "115"]
[EventDate "2001.11.01"]
[EventType "tourn"]
[EventRounds "13"]
[EventCountry "HUN"]
[EventCategory "10"]
[SourceTitle "CBM 087"]
[Source "ChessBase"]
[SourceDate "2002.03.21"]
[SourceVersion "1"]
[SourceVersionDate "2002.03.21"]
[SourceQuality "1"]

1. e4 c5 2. Nf3 Nc6 3. d4 cxd4 4. Nxd4 g6 5. c4 Bg7 6. Be3 Nf6 7. Nc3 O-O 8.
Be2 d6 9. O-O Bd7 10. Rc1 Nxd4 11. Bxd4 Bc6 12. f3 a5 13. b3 Nd7 14. Be3 Nc5
15. Nd5 {Except of this move White has various continuations:} (15. Kh1 Qb6 16.
Nd5 (16. Nb5 Qd8 17. Qd2 f5 18. exf5 Rxf5 19. Nd4 $14 {1/2-1/2
Jonsson-Gudmundsson,K/ISL-ch 1980/EXT 99 (79)}) 16... Bxd5 17. cxd5 Rfc8 18.
Qd2 Qb4 19. Rfd1 Qa3 20. Rc2 $14 {0-1 Siekanski,J-Vokac,M/Lubniewice 1994/CBM
45 (60)}) (15. Qc2 Qb6 16. Nb5 Rfc8 (16... Rac8 17. Rfd1 Qa6 18. Bf1 b6 19. Qf2
Qb7 20. Nd4 $14 {1/2-1/2 Joecks,C-Ponater,M/Hamburg 1999/EXT 2001 (41)}) 17.
Rcd1 Bxb5 18. cxb5 Qc7 19. Bc4 a4 20. Rc1 $14 {0-1 Jolles,H-Hayoun,L/Torcy
1991/TD (33)}) (15. Nb5 Ne6 (15... Qc8 16. Kh1 f5 17. exf5 Qxf5 18. Nc7 Rad8
19. Nd5 $14 {1/2-1/2 Garcia Martinez,S-Ochoa de Echaguen,F/Cienfuegos 1980/EXT
99 (29)}) 16. Qd2 Kh8 17. Rfd1 f5 18. exf5 gxf5 19. Nd4 $14 {1-0 Tseshkovsky,
V-Kuzmin,G/Moscow 1992/EXT 97 (47)}) (15. Qe1 Qb6 16. Nd5 (16. Qf2 a4 17. Nb5
axb3 18. axb3 Qa5 19. Rb1 Qb4 20. Qe1 Qxe1 21. Rfxe1 Ra2 22. Nd4 Bd7 23. b4 Ne6
24. Nxe6 Bxe6 25. Bf1 Rfa8 $11 {1/2-1/2 Anic,D-Ivkov,B/Cannes 1995/EXT 98 (43)}
) 16... Bxd5 17. cxd5 Qb4 18. Kh1 (18. Qf2 a4 19. Rc4 Qa3 20. b4 b5 21. Rc2
Qxb4 22. Bd2 Qd4 23. Be3 Qb4 24. Bd2 Qd4 25. Be3 Qb4 {1/2-1/2 Uhlmann,
W-Schmidt,P/Germany 1996/GER-chT (25)}) 18... Qxe1 19. Rfxe1 b6 20. Bb5 $14 {
1-0 Eingorn,V-Radulov,I/Cappelle la Grande 1996/CBM 51 ext (38)}) (15. a3 b6 (
15... Qb6 16. Nb5 Bxb5 (16... Qd8 17. b4 axb4 18. axb4 Ne6 $14 {1/2-1/2
Wesseln,K-Molinaroli,M/Binz 1995/CBM 50 ext (49)}) 17. cxb5 Qd8 18. Bc4 Nd7 19.
Rf2 $14 {1-0 Marjanovic,S-Kagan,S/Skara 1980/EU-chT (35)}) (15... Qd7 16. b4
axb4 17. axb4 Na4 18. Nxa4 Bxa4 19. Qd3 Qe6 20. b5 Qe5 21. Rf2 f5 22. exf5 Qxf5
23. Qxf5 gxf5 24. f4 $14 {1-0 Rodriguez,A-Scarella,E/Santiago de Chile 1992/
EXT 98 (49)}) (15... Qb8 16. Rf2 (16. Nd5 $5 Bxd5 17. cxd5 Rc8 $14 (17... Bb2
18. Rc2 Bxa3 19. Qa1 $14 {[%cal Ge3h6]})) 16... Rc8 17. Nd5 (17. b4 axb4 18.
axb4 Ra3 $1 $11) 17... Bxd5 18. exd5 Bb2 19. Rb1 Bxa3 $44 {1/2-1/2 Leow Leslie
M-Rind,B/Philadelphia 1989/EXT 97 (81)}) (15... h5 {-see commented game 1-0
Ernst,T-Larsen,B/Nordic zt 1992/CBM 31 [Tisdall](65)}) 16. Re1 (16. Qc2 Qb8 17.
Rcd1 Rc8 18. Nd5 $14 {1/2-1/2 Van der Wiel,J-Petursson,M/Biel 1985/IZT (53)}) (
16. Kh1 Kh8 17. b4 axb4 18. axb4 Nd7 19. Qd2 f5 20. exf5 Rxf5 21. Bd3 Rf8 22.
Be4 $14 {1-0 Marjanovic,S-Seibold,H/Germany 1989/GER-chT (43)}) 16... Kh8 17.
Bf1 f5 18. exf5 gxf5 19. Bg5 $14 {1-0 Marjanovic,S-Gudmundsson,E/Bela Crkva
1983/EXT 98 (44)}) 15... e6 16. Nf4 $5 ({After natural} 16. Nc3 Qe7 17. Qd2
Rfd8 18. Rfd1 Rd7 19. Nd5 Qd8 20. Bg5 f6 21. Be3 Kh8 22. Bf1 b6 23. Nc3 f5 {
Black was lucky to recieve good counterplay:} 24. exf5 gxf5 25. Qc2 (25. Nb5
Bxb5 26. cxb5 Rc8 $132) 25... Qh4 26. Qf2 Qh5 27. Ne2 Rg8 $132 {0-1 Brodsky,
M-Serper,G/Kherson 1991/CBM 21 ext (53)}) 16... Qe7 17. Qd2 {[%cal Gf1d1]
Looks the best move.} (17. Re1 Rfd8 18. Bf1 Bb2 19. Rc2 Qf6 20. Nh3 Bc3 21. Bg5
Qd4+ 22. Kh1 f6 23. Rxc3 Qxc3 24. Re3 Qe5 25. f4 Qb2 26. Re2 Qc3 27. Rc2 Qb4
28. Bxf6 Nxe4 ({Or} 28... Bxe4 29. Bc3 Bxc2 30. Qd4 Qxc3 31. Qxc3 Be4 32. Nf2
Rf8 33. Nxe4 Nxe4 34. Qe3 Nc5 35. g3 $132) 29. Bxd8 Rxd8 30. Bd3 $132 {0-1
Bolding,K-Cebalo,M/Cannes 1996/CBM 51 ext (41)} (30. Ng5 $11)) (17. Qe1 Bh6 18.
Kh1 Bg5 19. Qf2 e5 20. Nd5 Bxd5 21. exd5 Bxe3 (21... f5 22. Bxc5 Bxc1 23. Bxd6
Qxd6 24. c5 Qf6 25. Rxc1 $14 {0-1 Stisis,Y-Kagan,S/Israel 1999/EXT 2000 (46)})
22. Qxe3 f5 23. f4 Rae8 $11) 17... b6 18. Bd1 {[%csl Rb5][%cal Gc6b5]
Weakening b5 square} ({Worth of attention} 18. Rfd1 $5 Rad8 19. Rb1 f5 20. exf5
Rxf5 21. a3 a4 22. b4 Nb3 23. Qe1 Rdf8 24. Nh3 b5 25. Nf2 bxc4 26. Bxc4 Kh8 27.
Rd3 $14) 18... Rfd8 19. Re1 Qb7 20. Bc2 b5 $1 $11 21. cxb5 Qxb5 22. Red1 Qb4 (
22... Bb2 23. Rb1 Be5 $11) 23. Bb1 Bb5 24. Ne2 Rac8 25. Nd4 Ba6 26. Rc2 (26.
Qf2 a4 27. Nc6 Rxc6 28. Rxc5 Rdc8 29. Rxc6 Rxc6 $15 {[%csl Ra2,Rb3]}) 26... d5
$2 $16 {Missing elegant tactic impact.} ({Right was} 26... Qxd2 27. Rcxd2 d5
$11) 27. exd5 $2 $15 ({White misses} 27. Qxb4 $1 {too...} axb4 28. Rxc5 $1 Rxc5
29. Nxe6 fxe6 30. Bxc5 Bc3 31. Kf2 $16 (31. a4 Be2 32. Rc1 d4 33. Kf2 d3 34.
Be3 Kf7 $44)) 27... Rxd5 28. Qxb4 axb4 {[%csl Ra2,Rb3,Gb4]} 29. Rcd2 e5 (29...
Rd7 $15) 30. Ne2 Rxd2 31. Rxd2 Ne6 (31... f5 $15) (31... Bf8 $15) 32. Kf2 Kf8
33. Rd6 $11 Bxe2 34. Kxe2 Nd4+ 35. Kd2 Nb5 (35... Ke8 $11 {[%csl Rb4][%cal
Gg7f8]}) 36. Rd7 Bf6 ({Or} 36... Ke8 37. Rb7 Na3 38. Be4 Bf8 39. g4 Be7 {
White has pair of BB and active Rb7, but PPa2 and b3 are stopped by strong Pb4
and Be7, so White has maybe slight advantage.} 40. f4 exf4 41. Bxf4 Rd8+ 42.
Ke3 Rc8 43. g5 Nc2+ 44. Kd3 Rc3+ 45. Kd2 Nd4 46. Be3 Ne6 47. h4 Bd6 48. Bd3 $14
) 37. Bd3 Nc3 (37... Nd4 38. Bc4 Ke8 39. Rb7 Be7 40. f4 f6 $11) 38. Bc4 Be7 39.
Ra7 Nb1+ 40. Kd1 Rd8+ $2 $16 ({Right was} 40... Na3 $11) 41. Kc1 Na3 $2 $18 {
Missing elegant tactic operation.} ({Right was} 41... Nc3 42. a4 Rd1+ 43. Kc2
Rh1 44. Ra8+ Kg7 45. Re8 Bd6 46. a5 Ra1 47. Rd8 Be7 48. Rd7 Ra2+ 49. Kd3 Kf8
50. a6 Nd1 51. Bb5 Nxe3 52. Kxe3 Ra5 53. Rb7 $16) 42. Bh6+ Ke8 43. Rxa3 $1 {
This exchange combination brings to White decisive advantage in the endgame.}
bxa3 44. Bb5+ Rd7 45. Kc2 {[%csl Ra3]} g5 ({Or} 45... f5 46. Kc3 Kd8 47. Bxd7
Kxd7 48. Bc1 Kc6 49. Kc4 $1 ({Not} 49. b4 $2 Kb5 50. Bxa3 Bd6 51. Kb3 e4 52.
fxe4 fxe4 53. Bc1 Bxb4 54. a4+ Ka5 55. Kc4 Kxa4 56. Kd5 Kb5 57. g4 h5 58. h3
Bc5 59. Kxe4 Kc6 60. Ke5 Kd7 61. Kf6 hxg4 62. hxg4 Be7+ 63. Kxg6 Ke6 $11) 49...
Bc5 50. b4 Bg1 51. h3 e4 52. fxe4 fxe4 53. Bxa3 e3 54. b5+ Kb6 55. Bb4 Bf2 56.
Bc5+ Ka5 57. Bd4 $18) 46. b4 Bxb4 47. Bxg5 f6 {Despair.} ({Loses also} 47... f5
48. Kb3 Bc5 49. Bc1 e4 50. Kc4 Bg1 51. fxe4 fxe4 52. h3 Kd8 53. Bxd7 Kxd7 54.
Bxa3 $18) 48. Bxd7+ ({White avoids a simple trap:} 48. Bxf6 $4 Kf7 49. Bxd7
Kxf6 $44) 48... Kxd7 49. Bxf6 Ke6 50. Bg5 Kd5 51. Kb3 Bd6 52. Bc1 e4 53. fxe4+
Kxe4 54. g3 Kf3 55. Bxa3 Bb8 56. Bc1 h5 57. Bf4 Ba7 58. h4 1-0